| 000 | 00811nac a22002291u 4500 | ||
|---|---|---|---|
| 010 | _a 2006274943 | ||
| 020 | _a0596008430 | ||
| 035 | _a(OCoLC)ocm61343931 | ||
| 082 |
_a658.5 _bHAV |
||
| 090 |
_c9420 _d9420 |
||
| 100 | _aHavey, Michael. | ||
| 245 | 1 | 0 |
_aEssential business process modeling / _cMichael Havey. |
| 260 |
_aSebastopol, CA : _bO'Reilly,2005 _cc2005. |
||
| 300 |
_axv, 332 p. : _bill. ; _c23 cm. |
||
| 500 | _a"Theory in practice."--Cover. | ||
| 500 | _adistributer: Baccah | ||
| 504 | _aIncludes bibliographical references and index. | ||
| 511 | _acatalogued by: wessam | ||
| 650 | 0 | _aManagement information systems. | |
| 856 | 4 | 2 |
_3Publisher description _uhttp://www.loc.gov/catdir/enhancements/fy0715/2006274943-d.html |
| 942 |
_cNB _k658.5HAV |
||
| 999 |
_c9420 _d9420 |
||